000
00329nam a2200157Ia 4500
100
_a
Osho
650
_a
Philosophy
942
_c
BK
366
_f
17.5
654
_a
osho
245
_a
Intution:Knowing beyond logic
260
_b
St.Martins Griffins
_c
2001
082
_a
153.44/OSH
_b
OSH
300
_a
194
546
_a
ENGLISH
999
_c
33161
_d
33161